| 000 | 01446nam0a22003251 4500 | ||
|---|---|---|---|
| 001 | rc\4079931 | ||
| 005 | 20260408083948.0 | ||
| 021 |
_aRU _b[50-17343] |
||
| 035 | _a(NLR Aleph) 008125300 | ||
| 090 |
_a9389334 _c9389334 |
||
| 100 | _a20130415d1950 |||y0rusy50 ca | ||
| 101 | 0 | _arus | |
| 102 | _aRU | ||
| 105 | _aa z ||||| | ||
| 200 | 1 |
_aМастерская текущего ремонта _e[Стены кирпичные _fМ-во совхозов СССР. Всесоюз. проектная контора "Совхозстройпроект" |
|
| 205 | _aПереизд. проекта 1948 г.] | ||
| 210 |
_aМосква _cСветогр. "Госздравпроекта" _d1950 |
||
| 215 |
_a92 с., 13 с. черт. _d29 |
||
| 225 | 1 |
_aСерия 1. Типовой проект _v№ 31 |
|
| 300 | _aАвт. проекта: инж. Архангельский | ||
| 300 | _aСветогр. изд. | ||
| 606 |
_aРемонтные мастерские _jПроекты и чертежи _2psbo |
||
| 702 | 1 |
_4570 _7ca _8rus _aАрхангельский _bП. Е. _cинженер-строитель _f1886-1968 _gПавел Евгеньевич _9220366 _3RU\NLR\AUTH\770220422 |
|
| 712 | 0 | 2 |
_a"Совхозстройпроект", контора _cМосква _3RU\NLR\AUTH\8810177112 _9850385 |
| 801 | 0 |
_aRU _bNLR _gpsbo |
|
| 801 | 1 |
_aRU _bELAR _2rusmarc |
|
| 852 |
_aNLR _jТ80 Г-7/267 |
||
| 942 | _cBOOK | ||
| 980 | _aNB | ||